|
|
|
|
| LEADER |
01574nam a22003017a 4500 |
| 001 |
39435 |
| 003 |
BD-DhAAL |
| 008 |
220824t2012 bg ||||| |||| 001 0 eng d |
| 999 |
|
|
|c 44683
|d 44683
|
| 020 |
|
|
|a 9789845061162
|
| 040 |
|
|
|a BD-DhAAL
|c BD-DhAAL
|
| 082 |
|
|
|a 320.95492
|2 23
|
| 100 |
|
|
|a Raja, Khadim Hussain,
|d 1922-1999.
|9 51043
|
| 245 |
|
|
|a A stranger in my own country :
|b East Pakistan,
|n 1969-1971 /
|c Khadim Hussain Raja ; introduction by Muhammad Reza Kazimi
|
| 260 |
|
|
|a Dhaka :
|b University Press Limited,
|c 2012.
|
| 300 |
|
|
|a xx, 130 pages :
|b illustrations ;
|c 22 cm.
|
| 504 |
|
|
|a Includes bibliographical references and index.
|
| 526 |
|
|
|a GenEd
|
| 541 |
|
|
|a Book Finder International
|e 39435, 39436, 39437
|
| 600 |
|
|
|a Raja, Khadim Hussain,
|d 1922-1999.
|9 51044
|
| 650 |
|
|
|a Elections
|z Bangladesh.
|9 51045
|
| 651 |
|
|
|a Bangladesh
|x politics and government.
|9 51046
|
| 700 |
|
|
|a Kazimi, Muhammad Reza
|9 51047
|
| 852 |
|
|
|a Savar Campus Library
|c General Stacks
|
| 942 |
|
|
|2 ddc
|c BK
|
| 952 |
|
|
|0 0
|1 0
|2 ddc
|4 0
|6 320_954920000000000_RAJ
|7 0
|9 71484
|a SCL
|b SCL
|c GEN
|d 2022-08-03
|e Book Finder International
|g 450.49
|l 1
|o 320.95492 RAJ
|p 3020039435
|r 2026-05-09
|s 2026-05-07
|t 1
|v 0.00
|w 2022-08-03
|y BK
|
| 952 |
|
|
|0 0
|1 0
|2 ddc
|4 0
|6 320_954920000000000_RAJ
|7 0
|9 71485
|a SCL
|b SCL
|c GEN
|d 2022-08-03
|e Book Finder International
|g 450.49
|l 0
|o 320.95492 RAJ
|p 3020039437
|r 2022-08-03
|t 3
|v 0.00
|w 2022-08-03
|y BK
|
| 952 |
|
|
|0 0
|1 0
|2 ddc
|4 0
|6 320_954920000000000_RAJ
|7 0
|9 71486
|a SCL
|b SCL
|c GEN
|d 2022-08-03
|e Book Finder International
|g 450.49
|l 0
|o 320.95492 RAJ
|p 3020039436
|r 2022-08-03
|t 2
|v 0.00
|w 2022-08-03
|y BK
|